Spell the Marvel Character #205 - Statistics

General Stats
  • This quiz has been taken 17 times
  • The average score is 6 of 7
Answer Stats
Picture Answer % Correct
Elektra
100%
Invisible Woman
100%
Punisher
100%
Tigra
93%
Reptil
87%
Rage
73%
Lady Fantomex
53%
No matching quizzes found
Score Distribution
Percent of People with Each Score
Percentile by Number Answered
Your Score History
You have not taken this quiz